| 000 | 00900nam a22002417a 4500 | ||
|---|---|---|---|
| 001 | 3538 | ||
| 003 | FISKH | ||
| 005 | 20240318095231.0 | ||
| 008 | 240318b cb ||||| |||| 00| 0 eng d | ||
| 040 |
_aFISK _beng _cFISK _dFISK |
||
| 050 | _aPZ7.H37408 | ||
| 082 | _a813 | ||
| 100 |
_aHelgerson Joseph _d1950- |
||
| 245 |
_aHorns and wrinkles / _cJoseph Helgerson |
||
| 260 |
_aNew York : _bJoseph Helgerson, _c2006 |
||
| 300 |
_a229 pages : _billustrations, _c20 cm |
||
| 505 | _aM | ||
| 520 | _aAlong a magic-saturated stretch of the Mississippi River near Blue Wing, Minnesota, twelve-year-old Claire and her bullying cousin Duke are drawn into an adventure involving Bodacious Deepthink the Great Rock Troll, a helpful fairy, and a group of trolls searching for their fathers. | ||
| 521 | 8 |
_a810 _bLexile |
|
| 700 | _aJoseph Helgerson | ||
| 942 |
_2ddc _cBK _n0 |
||
| 999 |
_c3538 _d3538 |
||